[Event "GBR-ch87"]
[Site "Millfield"]
[Date "2000.08.11"]
[Round "11.5"]
[White "Lalic, Bogdan"]
[Black "Wohl, Aleksandar"]
[Result "1/2-1/2"]
[WhiteElo "2520"]
[BlackElo "2461"]
[PlyCount "55"]
[EventDate "2000.07.31"]
[EventType "swiss"]
[EventRounds "11"]
[EventCountry "GBR"]
[SourceTitle "BritBase"]
[SourceDate "2008.07.14"]
[SourceVersion "1"]
[SourceVersionDate "2008.07.14"]
[SourceQuality "2"]

1. d4 g6 2. c4 Nf6 3. Nc3 d5 4. f3 Bg7 5. e4 dxe4 6. fxe4 e5 7. d5 O-O 8. Nf3
c6 9. Bd3 Qb6 10. Na4 Qc7 11. O-O b5 12. Nc3 bxc4 13. Bxc4 cxd5 14. Bxd5 Nc6
15. Bg5 Rb8 16. Rc1 Nb4 17. Bxf6 Bxf6 18. a3 Nxd5 19. Nxd5 Qd6 20. b4 Bb7 21.
Rc5 Bg7 22. Qb3 Rbd8 23. Rd1 h6 24. h3 Kh8 25. Rd2 Qe6 26. Qe3 f5 27. exf5 Qxf5
28. Kh2 1/2-1/2

[Event "GBR-ch87"]
[Site "Millfield"]
[Date "2000.08.11"]
[Round "11.6"]
[White "Summerscale, Aaron"]
[Black "Wells, Peter"]
[Result "1/2-1/2"]
[WhiteElo "2459"]
[BlackElo "2506"]
[PlyCount "79"]
[EventDate "2000.07.31"]
[EventType "swiss"]
[EventRounds "11"]
[EventCountry "GBR"]
[SourceTitle "BritBase"]
[SourceDate "2008.07.14"]
[SourceVersion "1"]
[SourceVersionDate "2008.07.14"]
[SourceQuality "2"]

1. Nf3 d5 2. d4 Nf6 3. c4 e6 4. Bg5 Bb4+ 5. Nc3 dxc4 6. e4 c5 7. Bxc4 cxd4 8.
Nxd4 Qa5 9. Bd2 O-O 10. Qe2 Rd8 11. Nf3 Nc6 12. a3 Bxc3 13. Bxc3 Qh5 14. O-O b6
15. Qe3 Bb7 16. Qf4 Na5 17. Bxf6 gxf6 18. Ba2 Qg6 19. b4 Nc6 20. Rad1 Ne5 21.
Nxe5 fxe5 22. Qxe5 Bxe4 23. g3 Qf5 24. Qxf5 Bxf5 25. Bb3 Kf8 26. Kg2 Rac8 27.
Rxd8+ Rxd8 28. Rd1 Rc8 29. Re1 Rc3 30. Re3 Rxe3 31. fxe3 Be4+ 32. Kf2 Ke7 33.
Ba4 Kd6 34. Be8 f6 35. Bb5 Ke5 36. Bc4 Bd5 37. Bd3 h6 38. Ke2 Be4 39. Bc4 Bf5
40. Kf3 1/2-1/2

[Event "GBR-ch87"]
[Site "Millfield"]
[Date "2000.08.11"]
[Round "11.7"]
[White "Gormally, Daniel W"]
[Black "Crouch, Colin"]
[Result "1-0"]
[WhiteElo "2499"]
[BlackElo "2448"]
[PlyCount "59"]
[EventDate "2000.07.31"]
[EventType "swiss"]
[EventRounds "11"]
[EventCountry "GBR"]
[SourceTitle "BritBase"]
[SourceDate "2008.07.14"]
[SourceVersion "1"]
[SourceVersionDate "2008.07.14"]
[SourceQuality "2"]

1. c4 Nf6 2. Nc3 e6 3. e4 d5 4. e5 d4 5. exf6 dxc3 6. bxc3 Qxf6 7. d4 c5 8. Nf3
h6 9. a3 Nd7 10. Bd3 Bd6 11. O-O O-O 12. Bc2 Rd8 13. Nd2 b6 14. Ne4 Qe7 15.
Nxd6 Qxd6 16. Qg4 f5 17. Qh4 Ba6 18. Re1 Nf8 19. d5 exd5 20. cxd5 Qxd5 21. Bxh6
gxh6 22. Qg3+ Kf7 23. Re5 Qc4 24. Rxf5+ Ke7 25. Qg7+ Kd6 26. Rxf8 Kc6 27. Qf6+
Kb5 28. Rxd8 Rxd8 29. Qxd8 Qxc3 30. Qd7+ 1-0

[Event "GBR-ch87"]
[Site "Millfield"]
[Date "2000.08.11"]
[Round "11.8"]
[White "Arkell, Keith"]
[Black "Turner, Matthew"]
[Result "1/2-1/2"]
[WhiteElo "2481"]
[BlackElo "2491"]
[PlyCount "82"]
[EventDate "2000.07.31"]
[EventType "swiss"]
[EventRounds "11"]
[EventCountry "GBR"]
[SourceTitle "BritBase"]
[SourceDate "2008.07.14"]
[SourceVersion "1"]
[SourceVersionDate "2008.07.14"]
[SourceQuality "2"]

1. d4 Nf6 2. Nf3 e6 3. c4 b6 4. g3 Ba6 5. b3 Bb4+ 6. Bd2 Be7 7. Bc3 d5 8. Nbd2
c5 9. Bg2 Nc6 10. O-O O-O 11. dxc5 bxc5 12. cxd5 exd5 13. Rc1 Qb6 14. Re1 Rac8
15. Bxf6 Bxf6 16. Nb1 d4 17. Nfd2 d3 18. exd3 Nb4 19. Nc4 Qd8 20. Re2 Bg5 21.
Rc3 Bf6 22. Rc1 Bg5 23. Rc3 Rc7 24. a3 Nc6 25. Nbd2 Bf6 26. Rc1 Qxd3 27. Ne4
Qxd1+ 28. Rxd1 Bd4 29. Ned6 Na5 30. Rc2 Rd8 31. Nxa5 Rxd6 32. Bf3 Rcd7 33. Kg2
g6 34. Nc6 Bb5 35. Nxd4 cxd4 36. a4 Ba6 37. b4 d3 38. Rc3 Bb7 39. Bxb7 Rxb7 40.
Rc4 Rbd7 41. b5 Rd4 1/2-1/2

[Event "GBR-ch87"]
[Site "Millfield"]
[Date "2000.08.11"]
[Round "11.9"]
[White "Pert, Nicholas"]
[Black "Hunt, Harriet"]
[Result "1-0"]
[WhiteElo "2455"]
[BlackElo "2454"]
[PlyCount "191"]
[EventDate "2000.07.31"]
[EventType "swiss"]
[EventRounds "11"]
[EventCountry "GBR"]
[SourceTitle "BritBase"]
[SourceDate "2008.07.14"]
[SourceVersion "1"]
[SourceVersionDate "2008.07.14"]
[SourceQuality "2"]

1. d4 Nf6 2. Nf3 e6 3. c4 b6 4. Nc3 Bb4 5. Qb3 c5 6. Bg5 h6 7. Bh4 Nc6 8. d5
Na5 9. Qc2 O-O 10. O-O-O Bxc3 11. Qxc3 Ba6 12. e3 exd5 13. Bxf6 Qxf6 14. Qxf6
gxf6 15. Rxd5 Bxc4 16. Bxc4 Nxc4 17. Rxd7 Rfd8 18. Rhd1 Rxd7 19. Rxd7 Kg7 20.
Kc2 Na5 21. Nh4 Nc6 22. Nf5+ Kg6 23. Ne7+ Nxe7 24. Rxe7 a6 25. Rc7 Re8 26. a4
a5 27. Rc6 Re4 28. b3 Rb4 29. Kc3 h5 30. f3 h4 31. e4 Kg5 32. Rd6 b5 33. axb5
Rxb5 34. g3 h3 35. Rd8 Kg6 36. Rh8 Rb4 37. Rxh3 a4 38. bxa4 Rxa4 39. g4 Ra2 40.
Kd3 Rf2 41. Ke3 Rc2 42. Rh5 c4 43. h4 Rh2 44. Kf4 c3 45. Kg3 Re2 46. Rc5 c2 47.
Rc6 Kg7 48. g5 fxg5 49. hxg5 Kf8 50. Kf4 Ke7 51. Ke5 Kd7 52. Rc4 Ke7 53. f4 Rf2
54. Rc7+ Kd8 55. Rc5 Ke7 56. Rc3 Rg2 57. Kf5 Re2 58. Ke5 Rg2 59. f5 Rf2 60. Rc4
Rg2 61. Rc6 Kd7 62. Rc5 Ke7 63. Rc4 Rf2 64. Kd4 Rg2 65. Kd3 Rxg5 66. Rxc2 Kf6
67. Kd4 Rg1 68. Rc6+ Kg7 69. Ke5 Ra1 70. Rc3 Ra5+ 71. Kf4 Ra4 72. Rb3 Rc4 73.
Ke5 Rc5+ 74. Kd6 Ra5 75. e5 Ra6+ 76. Kd5 Ra5+ 77. Ke4 Ra4+ 78. Ke3 Ra1 79. Kf4
Rf1+ 80. Rf3 Ra1 81. Rg3+ Kf8 82. Rb3 Kg7 83. f6+ Kh6 84. Rh3+ Kg6 85. Rg3+ Kh6
86. Rg7 Rf1+ 87. Ke4 Re1+ 88. Kd5 Rd1+ 89. Kc6 Re1 90. Kd6 Rd1+ 91. Ke7 Re1 92.
Kxf7 Rxe5 93. Rg1 Rf5 94. Rh1+ Kg5 95. Kg7 Kg4 96. Rg1+ 1-0

[Event "GBR-ch87"]
[Site "Millfield"]
[Date "2000.08.11"]
[Round "11.11"]
[White "Emms, John"]
[Black "Knott, Simon"]
[Result "1/2-1/2"]
[WhiteElo "2527"]
[BlackElo "2381"]
[PlyCount "52"]
[EventDate "2000.07.31"]
[EventType "swiss"]
[EventRounds "11"]
[EventCountry "GBR"]
[SourceTitle "BritBase"]
[SourceDate "2008.07.14"]
[SourceVersion "1"]
[SourceVersionDate "2008.07.14"]
[SourceQuality "2"]

1. e4 e6 2. d4 d5 3. Nd2 c5 4. Ngf3 cxd4 5. exd5 Qxd5 6. Bc4 Qd6 7. O-O Nf6 8.
Nb3 Nc6 9. Nbxd4 Nxd4 10. Nxd4 a6 11. Re1 Qc7 12. Qe2 Bd6 13. Bg5 O-O 14. Bxf6
gxf6 15. Bd3 Bxh2+ 16. Kh1 Bf4 17. g3 Rd8 18. c3 Be5 19. Rad1 b5 20. Be4 Bb7
21. Qg4+ Kf8 22. Qf3 Bd5 23. Nb3 Bxb3 24. axb3 Rxd1 25. Rxd1 Rd8 26. g4 Rxd1+
1/2-1/2

[Event "GBR-ch87"]
[Site "Millfield"]
[Date "2000.08.11"]
[Round "11.12"]
[White "Mahesh Chandran, Panjanathan"]
[Black "Crawley, Gavin"]
[Result "1/2-1/2"]
[WhiteElo "2238"]
[BlackElo "2401"]
[PlyCount "74"]
[EventDate "2000.07.31"]
[EventType "swiss"]
[EventRounds "11"]
[EventCountry "GBR"]
[SourceTitle "BritBase"]
[SourceDate "2008.07.14"]
[SourceVersion "1"]
[SourceVersionDate "2008.07.14"]
[SourceQuality "2"]

1. e4 c5 2. Nf3 Nc6 3. d4 cxd4 4. Nxd4 Nf6 5. Nc3 d6 6. Bg5 Bd7 7. Qd2 a6 8.
O-O-O b5 9. Bxf6 gxf6 10. f4 e6 11. Kb1 Qb6 12. Nce2 h5 13. g3 Na5 14. b3 Nb7
15. Bg2 Rc8 16. e5 fxe5 17. fxe5 d5 18. Rhf1 Nd8 19. Qg5 Qc5 20. h4 Qe7 21. Rf6
Qa3 22. Nf4 Bb4 23. Qg7 Rf8 24. Nfe2 a5 25. g4 a4 26. Rf3 hxg4 27. Rfd3 axb3
28. Rxb3 Qa5 29. h5 Nc6 30. Nxc6 Rxc6 31. h6 Rxc2 32. Kxc2 Qxa2+ 33. Rb2 Qa4+
34. Rb3 Qa2+ 35. Rb2 Qa4+ 36. Rb3 Qa2+ 37. Rb2 Qa4+ 1/2-1/2

[Event "GBR-ch87"]
[Site "Millfield"]
[Date "2000.08.11"]
[Round "11.13"]
[White "McFarland, Robert S"]
[Black "Williams, Simon K"]
[Result "0-1"]
[WhiteElo "2267"]
[BlackElo "2353"]
[PlyCount "84"]
[EventDate "2000.07.31"]
[EventType "swiss"]
[EventRounds "11"]
[EventCountry "GBR"]
[SourceTitle "BritBase"]
[SourceDate "2008.07.14"]
[SourceVersion "1"]
[SourceVersionDate "2008.07.14"]
[SourceQuality "2"]

1. Nf3 f5 2. g3 Nf6 3. Bg2 e6 4. b3 Be7 5. O-O O-O 6. d4 d6 7. Bb2 Nc6 8. Nbd2
Ne4 9. e3 Nxd2 10. Qxd2 Bf6 11. Rad1 Qe7 12. Rfe1 e5 13. e4 fxe4 14. dxe5 dxe5
15. Rxe4 Bf5 16. Ree1 Kh8 17. Qe2 e4 18. Nd4 Qc5 19. c3 Nxd4 20. cxd4 Qa5 21.
a3 Rae8 22. d5 Bxb2 23. Qxb2 Bg4 24. b4 Qb6 25. Rd4 Bf3 26. Qc3 Qf6 27. Qd2 h5
28. h4 Re5 29. Bxf3 exf3 30. Rxe5 Qxe5 31. Qe3 Rf5 32. Qxe5 Rxe5 33. Rd3 Kg8
34. Kf1 Kf7 35. d6 cxd6 36. Rxd6 Ke7 37. Rg6 Rd5 38. Kg1 Kf7 39. Rg5 Rxg5 40.
hxg5 Kg6 41. Kh2 Kxg5 42. Kh3 b5 0-1

[Event "GBR-ch87"]
[Site "Millfield"]
[Date "2000.08.11"]
[Round "11.14"]
[White "Broomfield, Matthew"]
[Black "Koneru, Humpy"]
[Result "0-1"]
[WhiteElo "2192"]
[BlackElo "2286"]
[PlyCount "82"]
[EventDate "2000.07.31"]
[EventType "swiss"]
[EventRounds "11"]
[EventCountry "GBR"]
[SourceTitle "BritBase"]
[SourceDate "2008.07.14"]
[SourceVersion "1"]
[SourceVersionDate "2008.07.14"]
[SourceQuality "2"]

1. d4 Nf6 2. Nf3 b6 3. Bg5 e6 4. e3 Bb7 5. Bd3 Be7 6. Nbd2 O-O 7. c3 c5 8. O-O
cxd4 9. exd4 d6 10. Re1 Nbd7 11. Nc4 Rc8 12. Bf4 Qc7 13. Ne3 Rfe8 14. h3 Bf8
15. Bh2 Qb8 16. a4 a6 17. Nd2 Qc7 18. Qe2 Nb8 19. Ng4 Nd5 20. Nc4 Qc6 21. Nge3
Nf6 22. Nd2 Rcd8 23. Nf3 Qc8 24. Nc4 Qc7 25. Ne3 h6 26. Rac1 Bc6 27. b3 Qb7 28.
Nd2 e5 29. dxe5 dxe5 30. Ndc4 Nbd7 31. Rcd1 Nd5 32. Qc2 Nf4 33. Bf1 Be4 34. Qb2
b5 35. axb5 axb5 36. Na5 Qb6 37. b4 Qg6 38. Bxf4 exf4 39. Nd5 Ne5 40. Nxf4 Nf3+
41. Kh1 Qf5 0-1

[Event "GBR-ch87"]
[Site "Millfield"]
[Date "2000.08.11"]
[Round "11.16"]
[White "Webster, Andrew"]
[Black "Simons, Martin"]
[Result "1/2-1/2"]
[WhiteElo "2417"]
[BlackElo "2226"]
[PlyCount "28"]
[EventDate "2000.07.31"]
[EventType "swiss"]
[EventRounds "11"]
[EventCountry "GBR"]
[SourceTitle "BritBase"]
[SourceDate "2008.07.14"]
[SourceVersion "1"]
[SourceVersionDate "2008.07.14"]
[SourceQuality "2"]

1. c4 b6 2. e4 Bb7 3. Nc3 e5 4. Nf3 Nc6 5. a3 Nf6 6. g3 a5 7. Bg2 Bc5 8. Nxe5
Nxe5 9. d4 Bd6 10. dxe5 Bxe5 11. O-O Bxc3 12. bxc3 d6 13. c5 O-O 14. cxb6 Bxe4
1/2-1/2

[Event "GBR-ch87"]
[Site "Millfield"]
[Date "2000.08.11"]
[Round "11.17"]
[White "Stephenson, F Norman"]
[Black "Greet, Andrew"]
[Result "1-0"]
[WhiteElo "2241"]
[BlackElo "2266"]
[PlyCount "87"]
[EventDate "2000.07.31"]
[EventType "swiss"]
[EventRounds "11"]
[EventCountry "GBR"]
[SourceTitle "BritBase"]
[SourceDate "2008.07.14"]
[SourceVersion "1"]
[SourceVersionDate "2008.07.14"]
[SourceQuality "2"]

1. e4 a6 2. d4 h6 3. Bd3 c5 4. dxc5 Nc6 5. Nc3 Qa5 6. Bd2 Qxc5 7. Nd5 Qd6 8.
Bf4 e5 9. Be3 Nf6 10. Nxf6+ Qxf6 11. Ne2 Bb4+ 12. c3 Be7 13. f4 exf4 14. Nxf4
Qe5 15. Nd5 Bd6 16. Bf4 Qe6 17. O-O O-O 18. Bc2 Bxf4 19. Rxf4 Qe5 20. Rf5 Qb8
21. Nf6+ Kh8 22. Qd2 Ne7 23. Rh5 Ng8 24. e5 a5 25. Qd3 g6 26. Nxg8 Kxg8 27.
Rxh6 Qxe5 28. Rf1 Ra6 29. Bb3 Qg7 30. Rh4 Rf6 31. Rhf4 Rxf4 32. Rxf4 b6 33. Qd6
Qh6 34. g3 Qg5 35. Qxb6 Kg7 36. Qe3 Qb5 37. Qe7 Qb6+ 38. Rf2 d5 39. Bxd5 Bf5
40. Qe5+ Kg8 41. c4 Qd8 42. Re2 Bd7 43. Qd6 Kg7 44. Re7 1-0

[Event "GBR-ch87"]
[Site "Millfield"]
[Date "2000.08.11"]
[Round "11.18"]
[White "Jackson, Oliver"]
[Black "McMichael, Richard"]
[Result "1/2-1/2"]
[WhiteElo "2209"]
[BlackElo "2250"]
[PlyCount "96"]
[EventDate "2000.07.31"]
[EventType "swiss"]
[EventRounds "11"]
[EventCountry "GBR"]
[SourceTitle "BritBase"]
[SourceDate "2008.07.14"]
[SourceVersion "1"]
[SourceVersionDate "2008.07.14"]
[SourceQuality "2"]

1. e4 e6 2. d4 d5 3. Nc3 dxe4 4. Nxe4 Bd7 5. Nf3 Bc6 6. Bd3 Nd7 7. O-O Ngf6 8.
Neg5 Bd6 9. Re1 h6 10. Nh3 Bxf3 11. Qxf3 c6 12. Bd2 Qc7 13. c4 O-O 14. c5 Be7
15. g4 Nh7 16. Qg2 Qd8 17. f4 Ndf6 18. Rad1 Nd5 19. g5 g6 20. gxh6 Kh8 21. Kh1
Bf6 22. Qe4 Ne7 23. Bc3 Qd5 24. Nf2 Bh4 25. Re2 Nf6 26. Qg2 Qxg2+ 27. Kxg2 Nfd5
28. Bd2 Bf6 29. Re4 Nf5 30. Ng4 Bxd4 31. Bc4 Bxc5 32. b4 Be7 33. b5 Kh7 34.
bxc6 bxc6 35. Ne5 Rad8 36. Rb1 Nb6 37. Ba5 Nd6 38. Bxb6 axb6 39. Rd4 Nxc4 40.
Rxc4 Rd2+ 41. Kg3 Bc5 42. a4 f6 43. Rxc5 fxe5 44. Rxe5 Rd4 45. Rxb6 Rdxf4 46.
Rxc6 Rf3+ 47. Kg4 Kxh6 48. Rc4 Rf1 1/2-1/2

[Event "GBR-ch87"]
[Site "Millfield"]
[Date "2000.08.11"]
[Round "11.19"]
[White "Kemp, Peter D"]
[Black "Spence, David J"]
[Result "1/2-1/2"]
[WhiteElo "2214"]
[BlackElo "2153"]
[PlyCount "22"]
[EventDate "2000.07.31"]
[EventType "swiss"]
[EventRounds "11"]
[EventCountry "GBR"]
[SourceTitle "BritBase"]
[SourceDate "2008.07.14"]
[SourceVersion "1"]
[SourceVersionDate "2008.07.14"]
[SourceQuality "2"]

1. d4 d5 2. c4 c6 3. Nf3 Nf6 4. Nc3 a6 5. cxd5 cxd5 6. Bf4 Nc6 7. e3 e6 8. Bd3
Be7 9. O-O O-O 10. Rc1 Bd7 11. Ne5 Rc8 1/2-1/2

[Event "GBR-ch87"]
[Site "Millfield"]
[Date "2000.08.11"]
[Round "11.20"]
[White "Tan, Desmond"]
[Black "Briggs, Philip"]
[Result "1/2-1/2"]
[WhiteElo "2203"]
[BlackElo "2200"]
[PlyCount "46"]
[EventDate "2000.07.31"]
[EventType "swiss"]
[EventRounds "11"]
[EventCountry "GBR"]
[SourceTitle "BritBase"]
[SourceDate "2008.07.14"]
[SourceVersion "1"]
[SourceVersionDate "2008.07.14"]
[SourceQuality "2"]

1. e4 e5 2. Nf3 Nf6 3. Nxe5 d6 4. Nf3 Nxe4 5. d4 Be7 6. Bd3 d5 7. O-O Bg4 8. c4
c6 9. cxd5 cxd5 10. Nc3 Nxc3 11. bxc3 Nc6 12. Rb1 Qc7 13. h3 Bh5 14. Rb5 Rd8
15. Re1 a6 16. Rb1 Bg6 17. Bxg6 hxg6 18. Ba3 O-O 19. Bxe7 Nxe7 20. Qb3 b5 21.
a4 Rb8 22. axb5 axb5 23. Ne5 Rfd8 1/2-1/2

[Event "GBR-ch87"]
[Site "Millfield"]
[Date "2000.08.11"]
[Round "11.22"]
[White "Aarthie, Ramaswamy"]
[Black "Evans-Quek, Debbie"]
[Result "1-0"]
[WhiteElo "2319"]
[BlackElo "2046"]
[PlyCount "57"]
[EventDate "2000.07.31"]
[EventType "swiss"]
[EventRounds "11"]
[EventCountry "GBR"]
[SourceTitle "BritBase"]
[SourceDate "2008.07.14"]
[SourceVersion "1"]
[SourceVersionDate "2008.07.14"]
[SourceQuality "2"]

1. e4 c5 2. Nf3 d6 3. d4 cxd4 4. Nxd4 Nf6 5. Nc3 e6 6. Be3 a6 7. f3 Nbd7 8. g4
h6 9. Qd2 b5 10. O-O-O Bb7 11. h4 b4 12. Na4 d5 13. Bh3 Ne5 14. g5 Nc4 15. Qe1
Qa5 16. b3 hxg5 17. hxg5 Nxe3 18. Qxe3 Rxh3 19. Rxh3 Nd7 20. exd5 Bxd5 21. g6
e5 22. gxf7+ Kxf7 23. Nf5 Be6 24. Qg5 Nf6 25. Rg3 Qc7 26. Nb2 e4 27. Qg6+ Kg8
28. Qxf6 Qxg3 29. Qxe6+ 1-0

[Event "GBR-ch87"]
[Site "Millfield"]
[Date "2000.08.11"]
[Round "11.23"]
[White "Rayner, Francis"]
[Black "Evans-Quek, Suan"]
[Result "1/2-1/2"]
[WhiteElo "2256"]
[BlackElo "2261"]
[PlyCount "53"]
[EventDate "2000.07.31"]
[EventType "swiss"]
[EventRounds "11"]
[EventCountry "GBR"]
[SourceTitle "BritBase"]
[SourceDate "2008.07.14"]
[SourceVersion "1"]
[SourceVersionDate "2008.07.14"]
[SourceQuality "2"]

1. e4 d6 2. d4 Nf6 3. Nc3 g6 4. f4 Bg7 5. Nf3 O-O 6. Bd3 Nc6 7. d5 Nb4 8. O-O
Nxd3 9. Qxd3 c6 10. Be3 Qa5 11. Rae1 Qb4 12. a3 Qa5 13. h3 Bd7 14. Qd2 Rfc8 15.
Bd4 Be8 16. Kh2 b5 17. dxc6 Bxc6 18. e5 dxe5 19. fxe5 Qc7 20. g3 Nh5 21. Qf2 f6
22. exf6 exf6 23. Ne4 Re8 24. Nfd2 Rad8 25. c3 Bd5 26. Bxa7 Re6 27. Bd4 1/2-1/2

[Event "GBR-ch87"]
[Site "Millfield"]
[Date "2000.08.11"]
[Round "11.24"]
[White "Frost, Nicholas"]
[Black "Morgan, Ben"]
[Result "1/2-1/2"]
[WhiteElo "2164"]
[BlackElo "2035"]
[PlyCount "84"]
[EventDate "2000.07.31"]
[EventType "swiss"]
[EventRounds "11"]
[EventCountry "GBR"]
[SourceTitle "BritBase"]
[SourceDate "2008.07.14"]
[SourceVersion "1"]
[SourceVersionDate "2008.07.14"]
[SourceQuality "2"]

1. e4 c5 2. Nf3 Nc6 3. Bb5 e6 4. O-O Nge7 5. Nc3 a6 6. Bxc6 Nxc6 7. d4 cxd4 8.
Nxd4 Qc7 9. Re1 Bd6 10. Nxc6 dxc6 11. Qg4 O-O 12. Qh4 e5 13. Be3 Be6 14. f3 f6
15. Qf2 b5 16. a3 Qe7 17. Rad1 a5 18. Rxd6 Qxd6 19. Bc5 Qc7 20. Bxf8 Rxf8 21.
Rd1 Rd8 22. Rd2 Rxd2 23. Qxd2 Qb6+ 24. Kh1 Qd4 25. Qxd4 exd4 26. Ne2 c5 27. Kg1
Kf7 28. Kf2 Bc4 29. Nc1 Ke7 30. Ke1 Kd6 31. Kd2 Ke5 32. g3 g5 33. b3 Bf7 34.
Nd3+ Kd6 35. Nb2 c4 36. bxc4 bxc4 37. c3 Ke5 38. h3 h5 39. Na4 d3 40. Ke3 Kd6
41. Kd4 h4 42. g4 Be6 1/2-1/2

[Event "GBR-ch87"]
[Site "Millfield"]
[Date "2000.08.11"]
[Round "11.25"]
[White "Homer, Stephen"]
[Black "Douglas, Timothy"]
[Result "1-0"]
[WhiteElo "2030"]
[BlackElo "2015"]
[PlyCount "97"]
[EventDate "2000.07.31"]
[EventType "swiss"]
[EventRounds "11"]
[EventCountry "GBR"]
[SourceTitle "BritBase"]
[SourceDate "2008.07.14"]
[SourceVersion "1"]
[SourceVersionDate "2008.07.14"]
[SourceQuality "2"]

1. e4 g6 2. d4 d6 3. Nc3 c6 4. Be3 Bg7 5. Qd2 Nd7 6. Nf3 Ngf6 7. Bh6 O-O 8. Bd3
e5 9. dxe5 dxe5 10. Bg5 Qc7 11. h4 Nc5 12. h5 Nxh5 13. O-O-O Bg4 14. Rh4 Bxf3
15. gxf3 Nf4 16. Bh6 Rad8 17. Rdh1 Ncxd3+ 18. cxd3 Nxd3+ 19. Kb1 Nf4 20. Qc1
Bxh6 21. Rxh6 f6 22. Nd1 Rf7 23. Qc4 Rd4 24. Qb3 Kh8 25. Qa3 Qd6 26. Qb3 Rd7
27. Ne3 Nh5 28. a3 Rd3 29. Qa4 b5 30. Qa6 Qf8 31. R6xh5 gxh5 32. Qxc6 Qd6 33.
Qc8+ Rd8 34. Qf5 Rd7 35. Nd5 Rxd5 36. exd5 Rf7 37. Qc8+ Rf8 38. Qb7 Rd8 39. Qf7
Rf8 40. Qxh5 Qd7 41. Qg6 Qg7 42. Qd3 a6 43. Ka1 f5 44. Rc1 Qd7 45. Rd1 Rf6 46.
d6 Kg8 47. Qd5+ Re6 48. f4 exf4 49. Qxf5 1-0

[Event "GBR-ch87"]
[Site "Millfield"]
[Date "2000.08.11"]
[Round "11.26"]
[White "Rudd, Jack"]
[Black "Waters, Clive"]
[Result "1-0"]
[WhiteElo "2176"]
[BlackElo "2170"]
[PlyCount "31"]
[EventDate "2000.07.31"]
[EventType "swiss"]
[EventRounds "11"]
[EventCountry "GBR"]
[SourceTitle "BritBase"]
[SourceDate "2008.07.14"]
[SourceVersion "1"]
[SourceVersionDate "2008.07.14"]
[SourceQuality "2"]

1. Nc3 d5 2. e4 c6 3. Qf3 e6 4. d4 dxe4 5. Qxe4 Nf6 6. Qh4 Be7 7. Nf3 Nbd7 8.
Bg5 Qa5 9. Bd3 b6 10. Bd2 Qh5 11. Qg3 Qg4 12. Qc7 Qxg2 13. Ke2 O-O 14. h3 Bd8
15. Qd6 Ne8 16. Qa3 1-0

[Event "GBR-ch87"]
[Site "Millfield"]
[Date "2000.08.11"]
[Round "11.27"]
[White "Snape, Ian"]
[Black "D'Costa, Lorin"]
[Result "1-0"]
[WhiteElo "2170"]
[BlackElo "2157"]
[PlyCount "85"]
[EventDate "2000.07.31"]
[EventType "swiss"]
[EventRounds "11"]
[EventCountry "GBR"]
[SourceTitle "BritBase"]
[SourceDate "2008.07.14"]
[SourceVersion "1"]
[SourceVersionDate "2008.07.14"]
[SourceQuality "2"]

1. c4 e5 2. Nc3 Nc6 3. g3 g6 4. Bg2 Bg7 5. d3 d6 6. Rb1 a5 7. a3 f5 8. e3 Be6
9. Nge2 Nf6 10. O-O O-O 11. Nd5 Qd7 12. b4 axb4 13. axb4 Bf7 14. b5 Nd8 15. Qc2
Rb8 16. Nec3 Nh5 17. f4 Ne6 18. Bd2 c6 19. Nb4 Rfc8 20. Na4 exf4 21. gxf4 Rc7
22. Nb6 Qd8 23. bxc6 Nd4 24. Qd1 Nxc6 25. N4d5 Bxd5 26. Nxd5 Rcc8 27. Qb3 Kh8
28. Bc3 Ne7 29. Bxg7+ Nxg7 30. Nb6 Rc5 31. Qb2 Nc8 32. Nxc8 Rcxc8 33. Qd4 Rc7
34. Rb6 Rd7 35. Rfb1 Qe7 36. Bc6 Rc7 37. Bf3 Rd7 38. Bd5 h6 39. e4 Kh7 40. e5
Ne8 41. Bc6 Rc7 42. Bxe8 dxe5 43. Bxg6+ 1-0

[Event "GBR-ch87"]
[Site "Millfield"]
[Date "2000.08.11"]
[Round "11.28"]
[White "Buckley, Melanie"]
[Black "Barton, R Alan"]
[Result "0-1"]
[WhiteElo "2124"]
[BlackElo "2145"]
[PlyCount "108"]
[EventDate "2000.07.31"]
[EventType "swiss"]
[EventRounds "11"]
[EventCountry "GBR"]
[SourceTitle "BritBase"]
[SourceDate "2008.07.14"]
[SourceVersion "1"]
[SourceVersionDate "2008.07.14"]
[SourceQuality "2"]

1. e4 d5 2. exd5 Qxd5 3. Nc3 Qa5 4. Nf3 c6 5. Be2 Nf6 6. O-O Bg4 7. b4 Qc7 8.
h3 Bh5 9. b5 e6 10. Rb1 Be7 11. d4 O-O 12. Ne5 Bxe2 13. Qxe2 Nbd7 14. Re1 Nxe5
15. dxe5 Nd5 16. Nd1 Rfd8 17. a3 cxb5 18. Rxb5 Rac8 19. Qf3 b6 20. Rb2 Nc3 21.
Nxc3 Qxc3 22. Qxc3 Rxc3 23. Ra2 Rd5 24. Kf1 Rcc5 25. f4 Bh4 26. Be3 Bxe1 27.
Bxc5 Bd2 28. c4 Rd7 29. Bd6 Bxf4 30. Rf2 Bg5 31. Rc2 Be3 32. Ke2 Bd4 33. Kf3 f5
34. a4 a5 35. Rc1 Kf7 36. Rb1 g5 37. Rb5 h5 38. Rb1 h4 39. g3 hxg3 40. Kxg3 Kg6
41. Rb5 Rh7 42. Kg2 f4 43. c5 Bxc5 44. Bxc5 bxc5 45. Rxc5 Ra7 46. Kf3 Kf5 47.
Rb5 Rh7 48. Kg2 g4 49. hxg4+ Kxg4 50. Rb8 f3+ 51. Kg1 Kf4 52. Rc8 Rb7 53. Kf2
Rb2+ 54. Kf1 Ra2 0-1

[Event "GBR-ch87"]
[Site "Millfield"]
[Date "2000.08.11"]
[Round "11.30"]
[White "Obiamiwe, Paul"]
[Black "Hempson, Peter"]
[Result "1/2-1/2"]
[WhiteElo "2065"]
[BlackElo "2219"]
[PlyCount "44"]
[EventDate "2000.07.31"]
[EventType "swiss"]
[EventRounds "11"]
[EventCountry "GBR"]
[SourceTitle "BritBase"]
[SourceDate "2008.07.14"]
[SourceVersion "1"]
[SourceVersionDate "2008.07.14"]
[SourceQuality "2"]

1. d4 f5 2. Nc3 Nf6 3. g3 e6 4. Bg2 d5 5. Nh3 c5 6. O-O Bd7 7. a4 a6 8. Nf4
cxd4 9. Qxd4 Nc6 10. Qd1 Be7 11. Nd3 O-O 12. Nb1 Qc7 13. Nd2 Rac8 14. Nb3 b6
15. c3 Kh8 16. Be3 e5 17. Bg5 Be6 18. Bxf6 Bxf6 19. a5 Nxa5 20. Nb4 Nxb3 21.
Qxb3 a5 22. Bxd5 Bd7 1/2-1/2

[Event "GBR-ch87"]
[Site "Millfield"]
[Date "2000.08.11"]
[Round "11.31"]
[White "Freeman, Gordon"]
[Black "Wise, David"]
[Result "1/2-1/2"]
[WhiteElo "2047"]
[BlackElo "2173"]
[PlyCount "54"]
[EventDate "2000.07.31"]
[EventType "swiss"]
[EventRounds "11"]
[EventCountry "GBR"]
[SourceTitle "BritBase"]
[SourceDate "2008.07.14"]
[SourceVersion "1"]
[SourceVersionDate "2008.07.14"]
[SourceQuality "2"]

1. e4 c5 2. Nc3 Nc6 3. g3 g6 4. Bg2 Bg7 5. d3 d6 6. f4 e6 7. Nf3 Nge7 8. O-O
O-O 9. Be3 Nd4 10. Qd2 Rb8 11. Rae1 b6 12. Nd1 Bb7 13. Nh4 f5 14. c3 Ndc6 15.
Bf2 Qd7 16. d4 Ba6 17. dxc5 bxc5 18. Bxc5 Rbd8 19. Ba3 Bxf1 20. Bxf1 Rfe8 21.
Nf3 h6 22. Bb5 a6 23. Ba4 fxe4 24. Rxe4 d5 25. Re2 Kh7 26. Nf2 Qc8 27. Qe1 Nf5
1/2-1/2